000 03832nam a2200361 a 4500
001 000014124
003 DO-SdBNP
005 20250128123754.0
007 ta
008 091204s2009 dr a 001 0cspa d
020 _a9789945406962
040 _aDO-SdBNP
_bspa
_cBNPHU
082 4 _a923.77293687
_bE82c
_222
100 1 _aEstrella Guzmán, Hugo,
_d1942-
_931953
245 1 0 _aCien maestros veganos /
_cHugo Estrella Guzmán, Fausto Mota García ; prólogo Bruno Rosario Candelier ; presentación Melanio Paredes P.
260 _aSanto Domingo :
_bAlfa y Omega,
_c2009.
300 _av. :
_bil. ;
_c23 cm.
500 _aIncluye índice onomástico
500 _aLa biblioteca posee el volumen 1
505 0 _tPresentación --
_tDedicatoria --
_tPresentación --
_tAgradecimiento --
_tPrólogo --
_tPertinencia de la obra --
_tPrefacio a la primera edición --
_tBiografías --
_gPrimera etapa 1844-1899 --
_tIntroducción a la primera etapa --
_tFederico García Godoy (a) don Fico --
_tJuana Dolores Gómez Grateró --
_tDon Manuel Ubaldo Gómez y Moya --
_tLuis Alberto Weber --
_tJoaquín Arismendy Robiou y Moya (a) don Mendito --
_tMons. Dr. Giovanny Francesco Fantico Falco --
_tMáximo Antonio Álvarez Reyes (a) don Pepe --
_tDon Carlos María Sánchez Gratereaux --
_tJuan Luis Despradel Piantini --
_tEmilia Pineda L´Oiseau vda. Fernández --
_tManuel Acevedo Serrano --
_tGraciela Inocencia Brache Ramírez (a) Gachén --
_tJoaquín Ramón Gómez Fernández --
_tMaría Dolores Morilla y Almánzar (a) Lola --
_tLuis Ernesto Gómez Uribe --
_tAdelaida Rosa Boddeen vda. Morilla --
_tRosa Yangüela vda. Billini (a) Rosita --
_tMaría de la Antigüa Castaños Pérez de Perez (a) Antigüita --
_tRafael Emilio Martínez Alba (a) Fellito --
_tTelésforo Rafael Calderón --
_tVioleta Espaillat Brache --
_gSegunda etapa 1900-1929 --
_tIntrodución a la segunda etapa --
_tMario Euríspides Fernández --
_tAntonia Álvarez Abreu (a) Toñita --
_tRhina Espaillat Brache (a) miss Rhina --
_tHomero Andrés Berrido Glass --
_tRamón Del Orbe y Del Orbe --
_tJulio Ernesto Concepción Luciano --
_tDomitila Grullón García de Lora (a) Mitila --
_tBolívar Berrido Taveras --
_tEstela Despradel Brache Vda. Brache (a) Bitín --
_tJudith Antonia Hernando de la Mota (a) Ninina --
_tLina Magdalena Longo Minervino --
_tMatilde Viñas Rodríguez de Robiou (a) Matití --
_tAura Violeta Hernando de la Mota (a) Madame --
505 0 _tFrancisco Javier Abreu Almánzar --
_tArnold Mackenzie (a) Mr. Mackenzie --
_tPorfirio de los Santos Almarante --
_tMercedes Morel Holguín (a) Mercedita --
_tAída Mercedes Gómez Álvarez de Moya --
_tAndrea Modesto Estrella de Pérez --
_tYsmenia Muñoz Peña vda. Hernando --
_tNieves María Mercedes Valerio Martínez (a) dona Nieves --
_tJosefa Estela Gómez Hernando de Hernández (a) la China --
_tTomás de Jesús Saldívar Rojas --
_tJosé Antonio Gúzman Fabián (a) Toñito --
_tGuillermo Antonio Saldívar Tejada --
_gTercera etapa 1930-1961 --
_tIntroducción a la tercera etapa --
_tWilliam Almonte y Almonte --
_tSocorro Martínez Vásquez --
_tMaría Felipa Jáquez Núñez (a) Mariíta --
_tAlberta Cecilia Custodio Neris (a) Berta --
_tBibliografía --
_tÍndice onomástico y de topónimos.
590 _aInventariado, 2020/VM
650 4 _aMaestros
_zRepública Dominicana, La Vega
_vBiografías
_931954
650 4 _aEducación
_zRepública Dominicana, La Vega
_xHistoria
_931955
650 4 _aPersonal docente
_zRepública Dominicana, La Vega
_931956
650 4 _aCiudades y pueblos
_zRepública Dominicana
_9784
651 0 _a Concepción de la Vega (Republica Dominicana )
_92180
700 1 2 _aMota García, Fausto,
_d1955-
_931957
700 1 2 _aRosario Candelier, Bruno,
_d1941-
_epról.
_9851
700 1 2 _aParedes Pinales, Melanio,
_d1951-
_931958
910 _aValidado. Control de calidad MMOLINA
942 _2ddc
_cLBS1
999 _c13726
_d13726